Cours d'agriculture et d'économie rurale a l'usage des Ecoles primaires / (Record no. 162971)

MARC details
000 -LEADER
campo de control de longitud fija 01170nam a22002295i 4500
001 - NÚMERO DE CONTROL
campo de control 162971
003 - IDENTIFICADOR DE NÚMERO DE CONTROL
campo de control ES-MaACL
005 - FECHA Y HORA DE LA ÚLTIMA TRANSACCIÓN
campo de control 20250929063237.0
008 - DATOS DE LONGITUD FIJA--INFORMACIÓN GENERAL
campo de control de longitud fija 050706m18381841fr | |||||||| ||fre d
040 ## - FUENTE DE CATALOGACIÓN
Centro catalogador/agencia de origen CAM
Lengua de catalogación spa
Centro/agencia transcriptor CAM
100 1# - ENTRADA PRINCIPAL--NOMBRE DE PERSONA
Nombre de persona Raspail, François-Vincent,
Fechas asociadas al nombre 1794-1878
9 (RLIN) 131616
245 10 - MENCIÓN DEL TÍTULO
Título Cours d'agriculture et d'économie rurale a l'usage des Ecoles primaires /
Mención de responsabilidad, etc. par F.-V. Raspail.
250 ## - MENCION DE EDICION
Mención de edición 2e éd.
260 ## - PUBLICACIÓN, DISTRIBUCIÓN, ETC.
Lugar de publicación, distribución, etc. Paris :
Nombre del editor, distribuidor, etc. L. Hachette,
Fecha de publicación, distribución, etc. 1838-1841 (
Fabricante Imprimerie de L. Hachette)
300 ## - DESCRIPCIÓN FÍSICA
Extensión 5 v. ;
Dimensiones 14 cm.
505 8# - NOTA DE CONTENIDO CON FORMATO
Nota de contenido con formato Contiene: I. Labourage (176 p.; [3] h. de lám. pleg.) - II. Jardinage (158 p.) - III. Arbres et arbustes (173 p., [1] h. de lám. pleg.) - V. Economie rurale (228 p., [1] h. de lám. pleg.)
596 ## - NOTA AL PIE DE IMPRENTA
NOTA AL PIE DE IMPRENTA En t.II el imp. es: Imprimerie d'Amédée Gratiot et c\pe\s; en el t.III y t.V es Imprimerie de J.-B. Gros.
596 ## - NOTA AL PIE DE IMPRENTA
NOTA AL PIE DE IMPRENTA El t.I está fechado en 1838, el resto de los t. carece de fecha en el pie de imp. (fechas tomadas del Catálogo Colectivo de Francia)
650 07 - PUNTO DE ACCESO ADICIONAL DE MATERIA--TÉRMINO DE MATERIA
Término de materia o nombre geográfico como elemento de entrada Agricultura
Fuente del encabezamiento o término embne
9 (RLIN) 9670
852 ## - LOCALIZACIÓN
Ubicación ES-MaACL
Número de control de estantería D-522-523(2)
Nota libre -- Enc. pasta española
-- -- 4 t. en 2 v.
Holdings
Estatus retirado Estado de pérdida Estado de daño No para préstamo Colección Biblioteca de origen Biblioteca actual Ubicación en estantería Fecha de adquisición Fuente de adquisición Total de préstamos Signatura topográfica completa Código de barras Visto por última vez Precio de reemplazo Tipo de ítem Koha
        Libros del s. XIX Biblioteca del Ateneo de Madrid Biblioteca del Ateneo de Madrid Sala Valle Inclán 17/01/2008     D-522-523(2) 901170751 23/02/2023 23/02/2023 Libro impreso antiguo